000
00335nam a22001457a 4500
008
210305b ||||| |||| 00| 0 eng d
020
_a
9780801612466
041
_a
eng
080
_2
2nd
_a
616
082
_2
2nd
_a
616
100
_a
9
101
_a
PAT
245
_a
Pathology, the mechanisms of disease
_c
Cawson,A.R
942
_2
udc
_c
BK
999
_c
55870
_d
55870